000 00586cam a2200217 i 4500
001 109176
005 20230410130936.0
008 130403s2008 sp a 000 0 spa
020 _a9788466319935
041 0 _aspa
050 1 4 _aPQ 8498.32
_bV297t 2008
100 1 _aVargas Llosa, Mario,
_d1936-
245 1 0 _aTravesuras de la niña mala /
_bMario Vargas Llosa.
260 _aMadrid, España
_bSantillana ediciones generales
_c2008
300 _a418 p.
_b19 cm
440 0 _aPunto de lectura
650 0 _aNarrative.
650 0 _aNarrativa
942 _2lcc
_cbk
946 _adpf
999 _c83174
_d83174